| 000 | 00610nam a2200181Ia 4500 | ||
|---|---|---|---|
| 008 | 240925s9999 xx 000 0 und d | ||
| 020 | _a130145041 | ||
| 082 | _a004.165 BRE | ||
| 100 | _aBrey ,Barry B. | ||
| 245 | 4 | _aThe Intel Microprocessors: 8086/8088,80186/80188,80286,80386,80486,pentum and pentium pro processon architechure programming and interfacing | |
| 250 | _a5th | ||
| 260 |
_aNew Delhi: _bPearson Printice Hall _c,2000. |
||
| 300 |
_axi,504p. _bNA _fOriginal |
||
| 500 | _aIncludes Index | ||
| 600 | _aComputer Science | ||
| 650 | _aComputer science, information & general works | ||
| 942 | _cBK | ||
| 999 |
_c6580 _d6580 |
||